000 00548nam a22001937a 4500
003 AM-YeHGA
005 20250617154002.0
008 180405s xxu||||| |||| 00| 0 rus d
040 _aAM-YeHGA
041 0 _arus
100 1 _aКудимов, Виктор
245 1 0 _aМать /
_cВ. Кудимов.
260 _a[Смоленск] :
_bСмол. кн. изд-во,
_c1953.
300 _a94 с.
653 0 _aЖенщина в СССР (х. л.)
653 0 _aУчителя в СССР (х. л.)
942 _2udc
_cBK
090 _c404413
999 _c402199
_d402199